000 00556nam a2200181Ia 4500
008 100917s9999 xx 000 0 und d
082 _b24631
100 _aशेळके उध्दव
245 _aधग (आवृत्ती 2 री)
260 _bपॉप्युलर प्रकाशन
_c1973
300 _a250
365 _b12
520 _aकादंबरी
630 _aधग (आवृत्ती 2 री)
650 _aकादंबरी
730 _aधग (आवृत्ती 2 री)
942 _cBOOK
999 _c630025
_d630022